| 000 | 00856nam a22002297a 4500 | ||
|---|---|---|---|
| 999 |
_c2265 _d2265 |
||
| 003 | AR-CdUCM | ||
| 008 | 190304b ||||| |||| 00| 0 spa d | ||
| 040 |
_aMUNICIPALIDAD PROVINCIAL DEL CUSCO _cBIBLIOTECA MUNICIPAL DEL CUSCO |
||
| 082 |
_a347.07 / _bC26 |
||
| 100 |
_aCarsberg, Bryan _98176 |
||
| 245 | _aTeoría económica de las decisiones empresariales / | ||
| 260 |
_aMadrid : _bAlianza Universal, _c1977 |
||
| 300 |
_a340 páginas ; _c20 cm. |
||
| 440 |
_aCurso de economía moderna _98177 |
||
| 505 | _aLa naturaleza de la administración empresarial -- Los objetivos de la firma -- El método científico en los negocios... | ||
| 650 |
_aAdministración empresarial. _98178 |
||
| 650 |
_aObjetivos de la firma. _98179 |
||
| 650 |
_aNegocios. _9825 |
||
| 650 |
_aVariación de coste. _98180 |
||
| 942 |
_2ddc _cLIBROS |
||
| 945 |
_awfj _d2019-03-04 |
||